000 00323nam a22001337a 4500
005 20250901165819.0
008 250409b |||||||| |||| 00| 0 eng d
020 _a9789966228192
050 _aPL 8704.M83 2010
245 _aDAU LA ANGELIKA
_cMWAVALI ANDUVATE
260 _aNAIROBI
_bJKF
_c2010
300 _a297
942 _2lcc
999 _c9573
_d9573